Football : XI du PSG en finale de ligue des champions 2025 - Statistiques

Statistiques générales
  • Ce quiz a été pris 130 fois
  • Le résultat moyen est 10 sur 11
Statistiques - réponses
Joueur % Correct
Achraf Hakimi
98%
Désiré Doué
98%
Ousmane Dembélé
98%
Gianluigi Donnarumma
96%
Nuno Mendes
96%
Joao Neves
95%
Willian Pacho
95%
Fabian Ruiz
94%
Marquinhos
94%
Vitinha
94%
Khvicha Kvaratskhelia
68%
Aucun quiz correspondant
Distribution des résultats
% des personnes avec chaque résultat
Percentile par nombre de réponses
Votre historique - résultats
Vous n’avez pas pris ce quiz